Rise Balochistan Time is Our Now (Record no. 16088)
[ view plain ]
| 000 -LEADER | |
|---|---|
| fixed length control field | 00433nam a22001337a 4500 |
| 040 ## - CATALOGING SOURCE | |
| Original cataloging agency | 1 |
| 082 ## - DEWEY DECIMAL CLASSIFICATION NUMBER | |
| Classification number | 954.91 |
| Author Mark | AZE 2013 |
| 100 ## - MAIN ENTRY--PERSONAL NAME | |
| Personal name | Azeem Shah, Farah |
| 245 ## - TITLE STATEMENT | |
| Title | Rise Balochistan Time is Our Now |
| Statement of responsibility, etc. | Farah Azeem Shah |
| 260 ## - PUBLICATION, DISTRIBUTION, ETC. | |
| Place of publication, distribution, etc. | Islamabad |
| Name of publisher, distributor, etc. | Agha JeePrinters |
| Date of publication, distribution, etc. | 2013 |
| 300 ## - PHYSICAL DESCRIPTION | |
| Extent | 224 p. |
| Other physical details | 22 cm. |
| 650 ## - SUBJECT ADDED ENTRY--TOPICAL TERM | |
| Topical term or geographic name entry element | Problems and Challenges of Balochistan, Terrorism in Balochistan, The of Women of Balochistan in Politics |
| 942 ## - ADDED ENTRY ELEMENTS (KOHA) | |
| Source of classification or shelving scheme | |
| Koha item type | Book |
| Withdrawn status | Lost status | Damaged status | Not for loan | Collection code | Permanent Location | Current Location | Shelving location | Date acquired | Total Checkouts | Full call number | Barcode | Date last seen | Price effective from | Koha item type | Date last checked out |
|---|---|---|---|---|---|---|---|---|---|---|---|---|---|---|---|
| Centre for International Peace & Stability (CIPS) | Centre for International Peace & Stability (CIPS) | General Stacks | 09/13/2013 | 954.91 FAR 2013 | CIPSD0000140 | 08/11/2014 | 01/05/2017 | Book | |||||||
| Centre for International Peace & Stability (CIPS) | Centre for International Peace & Stability (CIPS) | General Stacks | 09/13/2013 | 1 | 954.91 FAR 2013 | CIPSD0000141 | 06/10/2022 | 01/05/2017 | Book | 05/10/2022 |
